00243nam a2200109Ia 4500100002200000250000600022654001500028245003800043260002200081082001800103546001200121 aWilliams/ Taylor  a3 aElectronic aElectronic filter design Handbook bMcGraw Hillc1995 a621.3815bWIL aENGLISH